Rent /

Đã lưu trong:
Chi tiết về thư mục
Tác giả chính: Larson, Jonathan (Nhà soạn nhạc)
Tác giả khác: Columbus, Chris (Giám đốc), Radcliffe, Mark (Nhà sản xuất), De Niro, Robert, (1943- ) (Nhà sản xuất), Goldblatt, Stephen (Nhiếp ảnh gia), Barnathan, Michael (Nhà sản xuất), Chbosky, Stephen (Người viết kịch bản), Diggs, Taye (Diễn viên), Rosenthal, Jane (Nhà sản xuất), Dawson, Rosario (Diễn viên)
Định dạng: Slide
Ngôn ngữ:Tiếng Italy
Tiếng Anh
Được phát hành: Milano : Sony Pictures home entertainment, ©2006
Các nhãn: Thêm thẻ
Không có thẻ, Là người đầu tiên thẻ bản ghi này!

MARC

LEADER 00000ngm a22000007i 4500
001 IT\ICCU\RAV\1654584
003 ItRI
005 20260124182909.0
008 080310s2006 it |||||||||||||||k|||||c
028 4 2 |a DV97320 
028 4 2 |a DV97340  |b Versione noleggio 
040 |b ita 
041 7 |a ita  |a eng  |2 ISO-639-2 
082 |a 791.43  |9 CINEMA  |2 19 
130 0 |a Rent <film ; 2005>  |3 IT\ICCU\RAV\1654597 
245 0 0 |a Rent /  |c directed by Chris Columbus ; screenplay by Stephen Chbosky ; book, music and lirics by Jonathan Larson. 
260 |a Milano :  |b Sony Pictures home entertainment,  |c ©2006 
300 |a 1 DVD-Video (ca. 130 min.) ;  |c in contenitore, 19 cm 
500 |a Codice area: 2; PAL; 2.40:1, anamorfico 16:9; Dolby digital 5.1; color 
500 |a Tit. del contenitore 
500 |a Produzione cinematografica USA 2005 
500 |a Interpreti: Rosario Dawson, Taye Diggs 
500 |a Lingue: italiano, inglese; sottotitoli: italiano, inglese, inglese per non udenti, arabo, bulgaro, ceco, croato, estone, greco, hindi, islandese, lituano, olandese, polacco, rumeno, serbo, sloveno, turco, ungherese 
500 |a Contenuti speciali: commento del regista e del cast, scene eliminate, trailer vari 
700 1 |a Columbus, Chris  |0 IT\ICCU\CFIV\052132  |4 drt 
700 1 |a Radcliffe, Mark  |0 IT\ICCU\MODV\344094  |4 pro 
700 1 |a De Niro, Robert,  |d  (1943- )  |0 IT\ICCU\RAVV\088394  |4 pro 
700 1 |a Goldblatt, Stephen  |0 IT\ICCU\RAVV\280544  |4 pht 
700 1 |a Larson, Jonathan  |0 IT\ICCU\RAVV\568299  |4 cmp 
700 1 |a Barnathan, Michael  |0 IT\ICCU\RAVV\568305  |4 pro 
700 1 |a Chbosky, Stephen  |0 IT\ICCU\UBOV\023208  |4 sce 
700 1 |a Diggs, Taye  |0 IT\ICCU\UBOV\544525  |4 act 
700 1 |a Rosenthal, Jane  |0 IT\ICCU\UBOV\559167  |4 pro 
700 1 |a Dawson, Rosario  |0 IT\ICCU\UBOV\679659  |4 act 
752 |a it   |d Milano 
942 |2 ddc  |c VM  |n 0 
952 |0 0  |1 0  |4 0  |6 VO_1397_000000000000000  |7 0  |9 27737  |a BO  |b BO  |d 2026-01-24  |i 10865  |l 0  |o VO 1397  |p BO10865  |r 2026-01-24 18:29:09  |w 2026-01-24  |x [Sebina 5] [1 DVD]  |y VM  |z 1 DVD 
999 |c 23509  |d 23509